000 00564nam a2200169 i 4500
001 86361
003 ES-MaACL
005 20230906175429.0
007 t|
008 041209s1960 sp ||||1| spa d
100 1 _aKarakash, John J.
_967547
245 1 0 _aLíneas de transmisión y filtros eléctricos /
_cJohn J. Karakash ; [versión española por Julián Fernández Ferrer].
260 _aBarcelona, etc. :
_bReverti,
_c[1960]
300 _aXI, 372 p. :
_bil. ;
_c22 cm.
700 1 _aFernández Ferrer, Julián.
_949781
852 _aES-MaACL
_jC-18416
_bR.46162
999 _c86361
_d86361